Menu masakan sihat kek dan biskut tanpa telur

Bibliographic Details
Main Author: Team Idea Masak author
Other Authors: Nur Syafiqa Yusoff , editor, Siti Sharwin Akmal , translator
Format: Book
Published: Hulu Selangor, Malaysia : QAFF Publications , 2015
Series:Menu masakan sihat
Subjects:

MARC

LEADER 00000cam a2200000 7i4500
001 0000064965
005 20160807.0
008 160807
020 |a 9789675490392 
090 0 0 |a 641.8653   |b MEN 
100 1 |a Team Idea Masak   |c author 
245 1 0 |a Menu masakan sihat kek dan biskut tanpa telur   |c writted by Team Idea Masak; translated by Siti Sharwin Akmal and edited by Nur Syafiqa Yusoff 
260 |a Hulu Selangor, Malaysia :   |b QAFF Publications ,   |c 2015 
300 |a 51p. :   |b col.,ill ;   |c 25cm. 
490 1 |a Menu masakan sihat 
650 0 |a Biscuits 
650 0 |a Cake 
650 0 |a Cookbook 
700 0 |a Nur Syafiqa Yusoff ,   |c editor 
700 0 |a Siti Sharwin Akmal ,   |c translator 
999 |a 0001395997   |b Book   |c Adult Collection   |e Perbadanan Perpustakaan Awam Johor 
999 |a 0001395998   |b Book   |c Adult Collection   |e Perbadanan Perpustakaan Awam Johor 
999 |a 0001395999   |b Book   |c Adult Collection   |e Cawangan Urban Transformation Centre 
999 |a 0001396000   |b Book   |c Adult Collection   |e Cawangan Urban Transformation Centre 
999 |a 0001396001   |b Book   |c Adult Collection   |e Cawangan AEON Kulaijaya 
999 |a 0001396964   |b Book   |c Adult Collection   |e Cawangan Tangkak 
999 |a 0001396967   |b Book   |c Adult Collection   |e Cawangan Kota Tinggi 
999 |a 0001396968   |b Book   |c Adult Collection   |e Cawangan Taman Sri Lambak 
999 |a 0001396969   |b Book   |c Adult Collection   |e Cawangan Pontian 
999 |a 0001396970   |b Book   |c Adult Collection   |e Cawangan Batu Pahat 
999 |a 0001396971   |b Book   |c Adult Collection   |e Cawangan Bandar Tenggara 
999 |a 0001396972   |b Book   |c Adult Collection   |e Cawangan Bandar Penawar 
999 |a 0001396973   |b Book   |c Adult Collection   |e Cawangan Bukit Gambir 
999 |a 0001396974   |b Book   |c Adult Collection   |e Cawangan Segamat 
999 |a 0001396975   |b Book   |c Adult Collection   |e Cawangan Mersing 
999 |a 0001396976   |b Book   |c Adult Collection   |e Cawangan Tmn. Ungku Tun Aminah 
999 |a 0001398681   |b Book   |c Adult Collection   |e Cawangan Mersing 
999 |a 0001398704   |b Book   |c Adult Collection   |e Cawangan Segamat 
999 |a 0001398707   |b Book   |c Adult Collection   |e Cawangan Muar 
999 |a 0001398710   |b Book   |c Adult Collection   |e Cawangan Bandar Penawar